00866nam a22002297a 4500003000900000008004100009020001800050040007100068082002100139100003800160245011100198260006500309300002900374500003400403650002800437650003200465650003000497650002400527650002500551650001100576710004900587AR-CdUCM190311b ||||| |||| 00| 0 spa d a9786123172282 aMUNICIPALIDAD PROVINCIAL DEL CUSCOcBIBLIOTECA MUNICIPAL DEL CUSCO a174.937/V39bV39 aVega-Centeno Bocángel, Máximo aÉtica y deontología :bla universidad, la ética profesional y el desarrollo /cMáximo Vega Centeno aLima :bPontificia Universidad Católica del Perú,c2017. a182 páginas. :c21 cm. zBibliografía: p. [179]-182. aFormación profesional aAspectos morales y éticos aProfesores universitarios aÉtica profesional aEducación superior aPerú aPontificia Universidad Católica del Perú